Statistics for Delilah Lyrics (Florence + the Machine)

Click here to take the quiz!

General Stats

  • This quiz has been taken 158 times
  • The average score is 320 of 491

Answer Stats

Lyrics% Correct
the
98%
I
91%
Delilah
88%
a
85%
and
80%
I'm
80%
to
79%
for
78%
free
78%
it
78%
never
76%
with
76%
is
74%
be
73%
me
73%
now
73%
of
73%
down
72%
it's
72%
dancing
71%
so
71%
my
70%
can
69%
fine
69%
gonna
69%
was
69%
different
67%
how
67%
kind
67%
are
66%
dancer
66%
danger
66%
knew
66%
too
66%
around
65%
mother
65%
out
65%
til
65%
calling
64%
ringing
64%
showed
64%
you
64%
bells
63%
light
63%
sun
63%
up
63%
as
62%
Drifting
62%
in
62%
through
62%
fast
60%
all
59%
cause
59%
just
59%
let
58%
pull
58%
sometimes
58%
your
58%
leave
56%
mine
56%
falls
55%
feet
55%
keep
55%
spinning
55%
sunrise
55%
them
55%
time
55%
freedom
53%
her
53%
pass
53%
pillars
53%
vision
53%
these
51%
dragging
50%
flashing
50%
going
48%
walls
48%
blind
47%
chain
47%
climbing
47%
daylight
45%
can't
44%
chains
44%
pills
44%
taking
43%
that
43%
drink
42%
love
42%
one
40%
another
38%
more
38%
halls
37%
find
36%
cut
35%
hang
34%
boy
33%
why
31%
anything
29%
(I can never say no)
28%
rough
28%
strung
28%
(holding on for your call)
27%
hung
27%
know
27%
(I can never let go)
26%
took
26%
(maybe not tonight)
24%
wrung
19%
wringing
16%
(can't you let me know?)
15%
hanging
14%
lie
8%

Score Distribution

Percentile by Number Answered

Percent of People with Each Score

Your Score History

You have not taken this quiz